| 000 | 01016nam a22001457a 4500 | ||
|---|---|---|---|
| 040 | _cNUST | ||
| 050 | _a72-95090 | ||
| 082 | _a515,HAR | ||
| 100 |
_aHart, William L. _9113437 |
||
| 245 |
_aCalculus with applications: _bto Social and life Sciences / _cWilliam L Hart |
||
| 260 |
_aNew York _b Laidlaw Brother _c1973 |
||
| 300 | _a452,xiv p.; | ||
| 505 | _aCertain precalculus(Page-1), Calculus with applications (Page-53) Differentiation of exponential and logarithmic functions (Page-145), Introduction to solid analytic geometry (Page-215), Partial differentiation and applications (Page-229), Applications of integration (Page-261), Improper integrals,and probability for a continuous random variable (Page-305), Review of trigonometric functions (Page-340), alculus for Trignometric functions and Advanced Integration (Page-3590, Infinte series and Expansion of funcions (Page-385), Introduction to double integrals (Page-419), Least square methods and related topics (Page-432). | ||
| 942 |
_2ddc _cBK _k515,HAR |
||
| 999 |
_c595143 _d595143 |
||